Quiz TSTMG1 #2 - Statistiques

Statistiques générales
  • Ce quiz a été pris 21 fois
  • Le résultat moyen est 8 sur 15
Statistiques - réponses
Par images Réponse % Correct
Louise
81%
Fabien
69%
Feriel
69%
Lou
69%
Lara
56%
Lili
56%
Romane
56%
Violette
56%
Jeremy
50%
Lilou
44%
Lisa
44%
Lisa-Jade
44%
Emilie
38%
Jade
38%
Lilly
31%
Aucun quiz correspondant
Distribution des résultats
% des personnes avec chaque résultat
Percentile par nombre de réponses
Votre historique - résultats
Vous n’avez pas pris ce quiz